000
002420000a22000970004500
100
1
_a
Lam, Timothy
245
1
0
_a
Between a rock and a hard place
300
_a
Vol. 16, Núm 62 (1990), Páginas 19
773
0
_t
World Evangelization
942
_c
ANA
999
_c
57825
_d
57825